II Cursillo sobre paleontología y evolución humana
Publicado:
Barcelona :
Diputación Provincial de Barcelona. Instituto Provincial de Paleontología de Sabadell, [s.a.]
Descripción Física:
76 p. ; 30 cm
MARC
| LEADER | 00000nam a2200000Ia 4500 | ||
|---|---|---|---|
| 001 | 9774 | ||
| 003 | BGR | ||
| 005 | 20260324175555.0 | ||
| 008 | 160829s9999 xx 000 0 cat d | ||
| 080 | |a C-1-156 | ||
| 245 | |a II Cursillo sobre paleontología y evolución humana | ||
| 260 | |a Barcelona : |b Diputación Provincial de Barcelona. Instituto Provincial de Paleontología de Sabadell, [s.a.] | ||
| 300 | |a 76 p. ; |c 30 cm | ||
| 650 | |a Paleontologia |9 29733 | ||
| 650 | |a Evolució |9 33218 | ||
| 710 | 1 | |a Barcelona (Catalunya : Província). |b Diputació |9 52408 | |
| 710 | 2 | |a Instituto Provincial de Paleontología de Sabadell |9 71161 | |
| 901 | |a Arxiu | ||
| 942 | |n 1 |2 udc |c MON | ||
| 952 | |0 0 |1 0 |4 0 |6 C1156 |7 1 |9 46237 |a Arxiu |b Arxiu |d 2016-12-01 |l 0 |o C-1-156 |p 9774 |r 2016-12-01 00:00:00 |w 2016-12-01 |y ARXIU | ||
| 999 | |c 49739 |d 49739 | ||